| 000 | 00994nam a2200169 a 4500 | ||
|---|---|---|---|
| 008 | 120416s1964 ||||||||||||||||| || u | ||
| 050 | _aHF 5548.8 Vro | ||
| 100 | _aVroom, Victor H | ||
| 245 | 1 | 0 | _aWork and motivation |
| 260 |
_aNew York _bJohn Wiley and Sons _c1964 |
||
| 300 | _aix, 331p. : ill. | ||
| 350 | _a0.00 | ||
| 995 |
_aBINDERY (DAMAGED) _D0.00 _e702675 _FCBU-MAIN LIBRARY (Kitwe) _H2 _I0.00 _jHF 5548.8 Vro _M2 _UDAMAGED _WNov 7, 2006 _y006090 _ZMain Library Open Access Collection |
||
| 995 |
_aMAIN LIBRARY OPEN ACCESS _D0.00 _e045835 _FCBU-MAIN LIBRARY (Kitwe) _H4 _I0.00 _jHF 5548.8 Vro _M1 _UAVAILABLE _WNov 7, 2006 _y006092 _ZMain Library Open Access Collection |
||
| 995 |
_aBINDERY (DAMAGED) _D0.00 _e706422 _FCBU-MAIN LIBRARY (Kitwe) _H1 _I0.00 _jHF 5548.8 Vro _M4 _UDAMAGED _WNov 7, 2006 _y006091 _ZMain Library Open Access Collection |
||
| 995 |
_aBINDERY (DAMAGED) _D0.00 _e703541 _FCBU-MAIN LIBRARY (Kitwe) _H3 _I0.00 _jHF 5548.8 Vro _M1 _UDAMAGED _WAug 14, 2006 _y006089 _ZMain Library Open Access Collection |
||
| 999 |
_c83181 _d83181 |
||